000 00642nmm a2200193Ia 4500
008 251105s9999||||xx |||||||||||||||||und||
020 _a9788416938230
041 _aspa
100 _aSampedro Arrubla, Nicolás
245 0 _aY después de Fuentes, ¿nadie?: Apreciaciones para una correcta ejecución de las suertes del toreo
264 _a[Madrid, España] :
_bBiblioteca Nueva,
_c2017
300 _a144 páginas
490 _aLa Piel de toro
650 _aFolklore & Popular Culture
700 _aSampedro Arrubla, Nicolás
700 1 _a Noguera, Xavier
856 _uhttps://public.digitaliapublishing.com/a/47842
942 _cCF
999 _c71025
_d71025